000 01096nam a2200289I 4500
001 41864
003 GBCCL
005 20241126110431.0
008 711228s1939 xx 000 0 eng u
010 _a 39015482
035 _a(OCoLC)00187759
040 _cOUN
049 _aLBBK
050 _aPN3355
_b.H3 1939
082 _a808.3
_bHAM
092 _a808.3
_bH18a
100 1 _aHamilton, Clayton Meeker,
_d1881-1946.
_95277
245 1 4 _aThe art of fiction;
_ba formulation of its fundamental principles,
_cby Clayton Hamilton, with a foreword by Booth Tarkington, an introduction by Brander Matthews and supplementary suggestions and laboratory notes by Burges Johnson.
260 _aNew York,
_bDoubleday, Doran & co.
_c[c1939]
300 _axxxiii, 326 p.
_c20 cm.
500 _aPrevious editions have titles: Materials and methods of fiction and A manual of the art of fiction.
504 _a"Suggested readings" at end of each chapter.
650 0 _aFiction.
_95278
700 1 0 _aMatthews, Brander,
_d1852-1929.
_95279
700 1 0 _aJohnson, Burges,
_d1877-
_95280
942 _2ddc
_cBK
999 _c2532
_d2532